effect of different rate of nitrogen fertilizer on green mustard in kbal koh vegetable station ការប្រៀបធៀបជីអ៊ុយរ៉េក្នុងកម្រិតផ្សេងៗគ្នាលើដំណាំស្ពៃខៀវក្នុងស្ថានីពិសោធន៍ពូជបន្លែក្បាលកោះ (Record no. 17964)

000 -LEADER
fixed length control field 00736nam a22001337a 4500
040 ## - CATALOGING SOURCE
Transcribing agency RUA
082 ## - DEWEY DECIMAL CLASSIFICATION NUMBER
Classification number AGR PHO 2017 B633 Or.1
100 ## - MAIN ENTRY--AUTHOR NAME
Personal name PHOK NGEAB ផុក​ ងៀប
245 ## - TITLE STATEMENT
Title effect of different rate of nitrogen fertilizer on green mustard in kbal koh vegetable station ការប្រៀបធៀបជីអ៊ុយរ៉េក្នុងកម្រិតផ្សេងៗគ្នាលើដំណាំស្ពៃខៀវក្នុងស្ថានីពិសោធន៍ពូជបន្លែក្បាលកោះ
260 ## - PUBLICATION, DISTRIBUTION, ETC. (IMPRINT)
Place of publication RUA
Name of publisher Phnom penh
Year of publication 2017
300 ## - PHYSICAL DESCRIPTION
Number of Pages ix;37p
Other physical details ill;
Dimensions 29cm
856 ## - ELECTRONIC LOCATION AND ACCESS
Uniform Resource Identifier https://drive.google.com/file/d/11LwnFfJAcU-MnYypLI_ltRLNHy5XSNmO/view?usp=sharing
942 ## - ADDED ENTRY ELEMENTS (KOHA)
Koha item type AGR
952 ## - LOCATION AND ITEM INFORMATION (KOHA)
Withdrawn status [LOCAL, KOHA] 0
952 ## - LOCATION AND ITEM INFORMATION (KOHA)
Withdrawn status [LOCAL, KOHA] 0
952 ## - LOCATION AND ITEM INFORMATION (KOHA)
Withdrawn status [LOCAL, KOHA] 0
952 ## - LOCATION AND ITEM INFORMATION (KOHA)
Withdrawn status [LOCAL, KOHA] 0
952 ## - LOCATION AND ITEM INFORMATION (KOHA)
Withdrawn status [LOCAL, KOHA] 0
952 ## - LOCATION AND ITEM INFORMATION (KOHA)
Withdrawn status [LOCAL, KOHA] 0
Holdings
Permanent Location Date acquired Koha item type Lost status Shelving location Barcode Current Location Full call number
Library Block B2019-07-15AGR B633A42131Library Block BAGR PHO 2017 B633 Or.1
Library Block B2019-07-15AGR B633A42216Library Block BAGR PHO 2017 B633 Or.2
Library Block B2019-07-15AGR B633A42056Library Block BAGR PHO 2017 B633 Or.3
Library Block B2019-07-15AGR B633A42219Library Block BAGR PHO 2017 B633 Or.4
Library Block B2019-07-15AGR B633A42076Library Block BAGR PHO 2017 B633 Or.5
Library Block B2019-07-15AGR B633A42151Library Block BAGR PHO 2017 B633 Or.6
មជ្ឈមណ្ឌលឯការនៃសាកលវិទ្យាល័យភូមិន្ទកសិកម្មចំការដូង

Powered by Koha